00829cam3a220024100 4500001001200000008004100012010002300053015001600076020001300092035001900105035002800124035002200152040000900174050001700183082001000200245006600210260005900276490004600335500010200381650003500483830006300518004000600581lce00672800710426s1967 sz a 100 0 eng  a 68100242 //r852 aSw67-A-5533 csfr 35.- a(Sirsi) r65127 a(DLC) 68100242 //r852 a(UPRA)lce00672800 dUPRA0 aQL963.5b.M6 a591.800aMorphological and biochemical aspects of cytodifferentiation. aBasel ; New York :aBasel ; New York :bKarger,c1967.1 aExperimental biology and medicine ;vv. 1 a"Contributions to a round table conference held in Valbella, Switzerland, during September 1966." 0aCell differentiation.6S9110.1 0aExperimental biology and medicine (Clifton, N.J.)6S4743.165127